| 000 | 00535nam a2200157 a 4500 | ||
|---|---|---|---|
| 001 | 000032470 | ||
| 005 | 20200930065646.0 | ||
| 008 | 110718s1961 dr 000 0 spa d | ||
| 040 |
_aDO-SdBNP _bspa _cBNPHU |
||
| 100 | 1 |
_aLockward, George _98508 |
|
| 245 | 1 | 0 |
_aCooperativas en pequeños estados de Europa / _cGeorge Lockward. |
| 260 |
_aCiudad Trujillo, República Dominicana : _bEditora El Caribe, _c1961. |
||
| 300 |
_a50 p. ; _c22 cm. |
||
| 500 | _aIncluye referencias bibliográficas y notas al pie de las páginas | ||
| 049 | _aBNPD | ||
| 999 |
_c31961 _d31961 |
||